000 00662nam a2200229Ia 4500
005 20230602101250.0
008 131103s9999 xx 000 0 und d
020 _a8185589135
_cRs.950.00
040 _aLoreto College
041 _aEnglish
082 _a333.9539
_bVAR
100 _aVarma,Ajit
245 _aGreen Energy
_b Biomass processing and technology
_cAjit Varma, Basant Behera
260 _aNew Delhi
_bCapital Publishing Company
_cc2003
300 _a316p.
504 _aIncludes bibliographical references and index
650 _aBiomass Energy
651 _aEnergy Resources
700 _aBehera, Basant
850 _aLCLIB
942 _cBK
999 _c36655
_d87134